00297 a2200109 450000100060000008200110000610000170001724500800003426000410011430000090015550000230016488435 aPR 650 aAsif Hussain aSimmulation of fire control system of typical aircraft on analogue computer aKarachibUniversity of Karachic1971 a60p. aBE Project Reports